[Event "Lippstadt"]
[Site "Lippstadt"]
[Date "1999.08.01"]
[Round "10"]
[White "Matthias, Heiner"]
[Black "Naiditsch, Arkadij"]
[Result "0-1"]
[WhiteElo "2399"]
[BlackElo "2417"]

1.e4 c5 2.Nc3 Nc6 3.Nge2 g6 4.d4 cxd4 5.Nxd4 Bg7 6.Nde2 d6 7.g3 h5 8.h3 Nf6
9.Bg2 Bd7 10.b3 Rc8 11.Bb2 Nh7 12.Qd2 Qa5 13.O-O-O Nf8 14.Kb1 Ne6 15.Nd5 Qxd2
16.Rxd2 Bxb2 17.Kxb2 h4 18.c4 hxg3 19.fxg3 Ne5 20.h4 Nc5 21.Nd4 Ng4 22.Nc2 Nf2
23.Rg1 Nfxe4 24.Re2 f5 25.b4 Nd3+ 26.Kb3 Ne5 27.Bxe4 fxe4 28.Rxe4 Bf5 29.Re3 e6
30.Nf4 Nxc4 31.Rc3 Nd2+ 32.Kb2 Rxc3 33.Kxc3 Nf3 34.Rf1 Ke7 35.Rxf3 Rc8+ 36.Kb3 Bxc2+
37.Kb2 Be4 38.Rc3 Rxc3 39.Kxc3 e5 40.Nh3 d5 41.Ng5 Bf5 42.a4 Bg4 43.Kd2 b6
44.a5 bxa5 45.bxa5 Kf6 46.Kd3 Bc8 47.Kd2 Kf5 48.Nf7 Be6 49.Nd8 Bd7 50.Nf7 d4
51.Nd6+ Ke6 52.Ne4 Bc6 53.Ng5+ Kf5 54.Nf7 e4 55.g4+ Kf4 56.Ng5 e3+ 57.Kd3 Bb5+  0-1

[Event "Aceimar op 6th"]
[Site "Mondariz Balneario"]
[Date "1999.08.01"]
[Round "6"]
[White "Mitkov, Nikola"]
[Black "Fluvia Poyatos, Joan"]
[Result "1-0"]
[WhiteElo "2509"]
[BlackElo "2335"]

1.e4 c5 2.Nc3 Nc6 3.Nf3 e6 4.Bb5 Qc7 5.O-O Bd6 6.Re1 Ne5 7.h3 a6 8.Bf1 b6
9.d4 Nxf3+ 10.Qxf3 Bb7 11.dxc5 bxc5 12.Qe3 Be5 13.Ne2 g5 14.Qxg5 d6 15.Bf4 Bf6
16.Qg3 O-O-O 17.Qa3 Ne7 18.Nc3 Qc6 19.Rab1 Rhg8 20.Na4 Nf5 21.c3 Bg5 22.Bxg5 Rxg5
23.b4 c4 24.Kh1 Rdg8 25.Rbd1 Nh4 26.b5 Qxb5 27.Rb1 Bxe4 28.Rxb5 Rxg2 29.Rb8+ Kxb8
30.Qxd6+ Kc8 31.Qc5+ Kd8 32.Rd1+ Ke8 33.Qc8+ Ke7 34.Qc7+ Kf6 35.Qf4+ Nf5
36.Bxg2  1-0

[Event "BCF-ch 86th"]
[Site "Scarborough"]
[Date "1999.08.01"]
[Round "1"]
[White "Emms, John M"]
[Black "Devereaux, Maxim"]
[Result "1-0"]
[WhiteElo "2586"]
[BlackElo "2265"]

1.e4 c5 2.Nf3 Nc6 3.Nc3 e5 4.Bc4 Be7 5.d3 d6 6.Nd2 Bg5 7.Nf1 Bxc1 8.Rxc1 Nf6
9.Ne3 Be6 10.O-O O-O 11.Ned5 Rb8 12.a3 b5 13.Ba2 Bxd5 14.Nxd5 Nxd5 15.Bxd5 Ne7
16.Ba2 Ng6 17.g3 Kh8 18.Qg4 Qc8 19.Qxc8 Rbxc8 20.f4 f6 21.Be6 Rb8 22.c3 Rfe8
23.f5 Nf8 24.Bd5 Re7 25.d4 Nd7 26.dxc5 Nxc5 27.b4 Nd7 28.c4 bxc4 29.Bxc4 Nb6
30.Be6 g6 31.Rfd1 gxf5 32.Bxf5 Rd8 33.Rc6 d5 34.Rxf6 d4 35.Rc6 Na4 36.Rd2 Rf8
37.g4 Nc3 38.Kg2 Ra8 39.Rc5 a5 40.Rxa5 Rxa5 41.bxa5 Ra7 42.Rb2 Kg7 43.g5 d3
44.Kf3 Rxa5 45.Rb7+ Kf8 46.Ke3 Rxa3 47.Bxh7 Nd1+ 48.Kd2 Nf2 49.g6 Nxe4+ 50.Ke3 d2+
51.Kxe4 Ra4+ 52.Ke3 d1=N+ 53.Kd2 Rd4+ 54.Ke1  1-0

[Event "BCF-ch 86th"]
[Site "Scarborough"]
[Date "1999.08.02"]
[Round "2"]
[White "Player, Edmund C"]
[Black "Rayner, Francis"]
[Result "0-1"]
[WhiteElo "2105"]
[BlackElo "2218"]

1.e4 c5 2.Nc3 Nc6 3.Bb5 Nd4 4.Bc4 e6 5.Nf3 Nc6 6.O-O a6 7.a4 Nf6 8.Re1 d6
9.d4 cxd4 10.Nxd4 Qc7 11.Nxc6 bxc6 12.e5 dxe5 13.Qe2 Bd6 14.Bg5 Nd5 15.Ne4 O-O
16.Nxd6 Qxd6 17.Ra3 f6 18.Bc1 a5 19.Rh3 Ra7 20.Bd3 g6 21.Bh6 Rff7 22.Rh4 Nb4
23.Bxg6 hxg6 24.Qg4 Rg7 25.Rd1 Nd5 26.Bxg7 Rxg7 27.c4 Qb4 28.cxd5 Qxg4 29.Rxg4 exd5
30.Rg3 Rb7 31.b3 Kf7 32.Rc1 Bd7 33.Rc5 Ra7 34.Rgc3 Ke6 35.Kf1 Kd6 36.Ke2 d4
37.Rc1 Ra6 38.Kd2 Be6 39.R5c2 Bxb3 40.Rb2 Bxa4 41.Rb7 Bb5 42.h4 Ke6 43.g4 Ra8
44.Rg7 Rh8 45.Rh1 Bc4 46.h5 Bd5 47.Rh3 gxh5 48.gxh5 Be4 49.Ra7 Rh6 50.Rxa5 Bf5
51.Rh1 Bg4 52.Ra6 Kd6 53.Rc1 Bf3 54.Ra3 Bd5 55.Rh3 c5 56.Ra1 c4 57.Ra6+ Bc6
58.Ra7 Be8 59.Rg7 Rxh5 60.Ra3 Rf5 61.Rg8 Bb5 62.Rd8+ Kc5 63.Rc8+ Kb4 64.Ra1 Rxf2+
65.Ke1 Rb2  0-1

[Event "MK Cafe Cup-A"]
[Site "Koszalin"]
[Date "1999.08.04"]
[Round "2"]
[White "Jaracz, Pawel"]
[Black "Koc, Przemyslaw"]
[Result "1-0"]
[WhiteElo "2477"]
[BlackElo "2345"]

1.e4 c5 2.Nf3 Nc6 3.Nc3 Nf6 4.Bb5 d6 5.d4 cxd4 6.Qxd4 Bd7 7.Bxc6 Bxc6 8.Bg5 Qb6
9.Qd3 Ng4 10.O-O h6 11.Bd2 e6 12.Bf4 Rd8 13.Nd5 Bxd5 14.exd5 e5 15.Bd2 Be7
16.c4 O-O 17.h3 Nf6 18.Nh4 Rfe8 19.Nf5 Bf8 20.b4 Qc7 21.Rac1 Qd7 22.Ng3 b6
23.f4 e4 24.Qd4 Qa4 25.Nf5 Qd7 26.Ne3 Nh7 27.f5 Nf6 28.Bc3 Qb7 29.Rf4 b5
30.Ng4 Nxg4 31.Rxg4 f6 32.Qxf6 Qe7  1-0

[Event "Aceimar op 6th"]
[Site "Mondariz Balneario"]
[Date "1999.08.04"]
[Round "9"]
[White "Rivera, Daniel"]
[Black "Franco Alonso, Alejandro"]
[Result "1/2-1/2"]
[WhiteElo "2364"]
[BlackElo "2204"]

1.e4 c5 2.Nc3 Nc6 3.Nge2 d6 4.d4 cxd4 5.Nxd4 Nf6 6.Be2 e6 7.O-O Be7 8.Kh1 O-O
9.f4 a6 10.a4 Qc7 11.Be3 Re8 12.Bf3 Rb8 13.g4 Nxd4 14.Bxd4 e5 15.fxe5 dxe5
16.Ba7 Ra8 17.g5 Rd8 18.Qe2 Ne8 19.Be3 Be6 20.Qf2 Rdb8 21.Bg4 Nd6 22.Bxe6 fxe6
23.Rad1 Qc6 24.Qf3 b5 25.axb5 axb5 26.g6 hxg6 27.Rxd6 Qxd6 28.Qf7+ Kh7 29.Rg1 Bf6
30.Rxg6 Ra1+ 31.Kg2 Kh8 32.Bg5 Rg8 33.Rxf6 gxf6 34.Qh5+ Kg7 35.Bh6+ Kh7+
36.Bg5+ Kg7 37.Bh6+  1/2-1/2

[Event "Chania op 9th"]
[Site "Chania"]
[Date "1999.08.05"]
[Round "3"]
[White "Velickovic, Sasa"]
[Black "Hadzidakis, Mihail"]
[Result "1-0"]
[WhiteElo "2423"]
[BlackElo "2240"]

1.e4 c5 2.Nc3 Nc6 3.Nge2 e6 4.g3 a6 5.Bg2 Nf6 6.O-O Qc7 7.Re1 d6 8.d4 cxd4
9.Nxd4 Bd7 10.h3 Be7 11.a4 O-O 12.Be3 Rab8 13.Qe2 Nxd4 14.Bxd4 Bc6 15.a5 Nd7
16.Rad1 Bf6 17.Qd2 Rfd8 18.Ba7 Ra8 19.Be3 Be7 20.Na4 Nc5 21.Nb6 Rab8 22.Qc3 Bf6
23.Qb4 Be7 24.Qc3 Bf6 25.Bd4 Bxd4 26.Qxd4 Nd7 27.Nc4 d5 28.exd5 Bxd5 29.Bxd5 Nf6
30.Qb6 Nxd5 31.Qxc7 Nxc7 32.Nb6 Nb5 33.c3 Na7 34.Nd7 Rbc8 35.Nc5 Kf8 36.Rxd8+ Rxd8
37.b4 Rc8 38.Rd1 Rc7 39.Rd8+ Ke7 40.Rb8 Nb5 41.Nxb7 Rxc3 42.Nc5 Nc7 43.Rb7 Kd8
44.Rb8+ Ke7 45.Kg2 Rc4 46.Kf3 Rd4 47.Ke2 e5 48.Rb6 Rd6 49.Rb7 Kd8 50.Rb8+ Ke7
51.h4 f5 52.Ke1 Rc6 53.Rc8 Kd6 54.Rd8+ Ke7 55.Rd7+ Ke8 56.Rxg7 Nd5  1-0

[Event "Mala mem op"]
[Site "Griesheim"]
[Date "1999.08.05"]
[Round "1"]
[White "Lobzhanidze, Davit"]
[Black "Becker, Michael"]
[Result "1-0"]
[WhiteElo "2444"]
[BlackElo "2300"]

1.e4 c5 2.Nc3 Nc6 3.Nge2 g6 4.d4 cxd4 5.Nxd4 Bg7 6.Nb3 Nf6 7.Be2 O-O 8.O-O d6
9.Re1 a6 10.Bf1 b5 11.Bg5 Be6 12.Nd5 Bxd5 13.exd5 Ne5 14.Qd2 Re8 15.h3 Rc8
16.c3 Nc4 17.Bxc4 bxc4 18.Bxf6 Bxf6 19.Nd4 Bxd4 20.Qxd4 Qc7 21.Rad1 Qc5 22.Qf4 Kg7
23.h4 Rb8 24.Rd2 Rb7 25.Re4 Rc8 26.h5 a5 27.Re3 Rcb8 28.Rh3 Kf8 29.hxg6 hxg6
30.Rh8+ Kg7 31.Qh6+ Kf6 32.Rh7 e6 33.Qf4+  1-0

[Event "MK Cafe Cup-A"]
[Site "Koszalin"]
[Date "1999.08.05"]
[Round "3"]
[White "Zezulkin, Jurij"]
[Black "Przedmojski, Rafal"]
[Result "1-0"]
[WhiteElo "2478"]
[BlackElo "2405"]

1.e4 c5 2.Nf3 Nc6 3.Nc3 Nd4 4.Bc4 e6 5.O-O Ne7 6.Nxd4 cxd4 7.Ne2 Nc6 8.d3 Be7
9.Ng3 O-O 10.Bb3 Na5 11.Bd2 Nxb3 12.axb3 d5 13.e5 f5 14.Ne2 Bc5 15.Ba5 Qe7
16.Qe1 a6 17.b4 Ba7 18.b5 Qc5 19.Bb4 Qxb5 20.Bxf8 Kxf8 21.b3 Bd7 22.Ra4 Bc5
23.Qa5 Qxa5 24.Rxa5 Bb6 25.Ra2 Rc8 26.f4 h6 27.h3 g5 28.Kf2 Ke7 29.g3 Be8
30.Rg1 g4 31.Rh1 h5 32.hxg4 hxg4 33.Rh7+ Bf7 34.Ke1 Kf8 35.Rh8+ Bg8 36.Kd1 Kg7
37.Rh2 Bf7 38.Ra4 Be8 39.Rb4 Bb5 40.Nxd4 Bxd4 41.Rxd4 a5 42.c4 Bc6 43.Ra2 Rh8
44.Rxa5 dxc4 45.dxc4 Rh3 46.Rd3 Bf3+ 47.Rxf3 gxf3 48.Ke1 Rxg3 49.Kf2 Rg2+
50.Kxf3 Rc2 51.Rb5 Kg6 52.Rxb7 Kh5 53.Rh7+ Kg6 54.Rb7 Kh5 55.Ke3 Kg4 56.Rg7+ Kh3
57.Kd3 Rb2 58.Kc3 Rf2 59.c5  1-0

[Event "BCF-ch 86th"]
[Site "Scarborough"]
[Date "1999.08.05"]
[Round "5"]
[White "Rowson, Jonathan"]
[Black "Gallagher, Joseph G"]
[Result "1/2-1/2"]
[WhiteElo "2490"]
[BlackElo "2521"]

1.e4 c5 2.Nc3 Nc6 3.Nge2 Nd4 4.Nxd4 cxd4 5.Ne2 d5 6.e5 Qb6 7.c3 dxc3 8.dxc3 e6
9.Nd4 Bd7 10.Bd3 Ne7 11.Qg4 Nc6 12.Nf3 O-O-O 13.O-O f6 14.Qg3 Qc7 15.exf6 gxf6
16.Qxc7+ Kxc7 17.Bf4+ e5 18.Bg3 Bd6 19.Nh4 Ne7 20.Rfe1  1/2-1/2

[Event "MK Cafe Cup-B"]
[Site "Koszalin"]
[Date "1999.08.06"]
[Round "4"]
[White "Holmsten, Aleksei"]
[Black "Iwaniuk, Dorota"]
[Result "1-0"]
[WhiteElo "2380"]
[BlackElo "2189"]

1.e4 c5 2.Nc3 Nc6 3.Nge2 g6 4.d4 cxd4 5.Nxd4 Bg7 6.Be3 d6 7.Qd2 Nf6 8.f3 O-O
9.O-O-O Be6 10.Nxe6 fxe6 11.Bh6 Qa5 12.Bc4 Nd8 13.g4 Rc8 14.Bb3 Nd7 15.Bxg7 Kxg7
16.f4 Nc5 17.Kb1 Nc6 18.h4 b5 19.h5 Nxb3 20.cxb3 b4 21.hxg6 hxg6 22.f5 exf5
23.exf5 Rxf5 24.gxf5 Qxf5+ 25.Ka1 bxc3 26.Qh6+ Kg8 27.Qh8+ Kf7 28.Rh7+ Ke6
29.Qxc8+ Ke5 30.Qxc6  1-0

[Event "BCF-ch 86th"]
[Site "Scarborough"]
[Date "1999.08.06"]
[Round "6"]
[White "Naylor, John"]
[Black "Berry, Neil"]
[Result "1-0"]
[WhiteElo "2233"]
[BlackElo "2200"]

1.e4 c5 2.Nc3 Nc6 3.Nf3 e5 4.Bc4 Be7 5.d3 d6 6.Nd2 Nf6 7.Nf1 Be6 8.Ne3 O-O
9.Ned5 Bxd5 10.Nxd5 Nxd5 11.Bxd5 Bg5 12.O-O Bxc1 13.Rxc1 Qg5 14.c3 Ne7 15.Bb3 b5
16.g3 Ng6 17.Kh1 Rab8 18.a3 Kh8 19.d4 f5 20.exf5 Rxf5 21.Bc2 Rf6 22.dxc5 dxc5
23.Bxg6 hxg6 24.Qe2 Rbf8 25.Rce1 a6 26.Kg2 Rf5 27.Qe3 Qe7 28.Qe4 Qf7 29.f3 Kg8
30.Rd1 g5 31.h3 Kh8 32.Rd5 b4 33.axb4 cxb4 34.cxb4 Qe7 35.Rf2 Kg8 36.Rc5 Kh8
37.g4 Rf4 38.Qxe5 Qxe5 39.Rxe5  1-0

[Event "VISA Nordic GP fin"]
[Site "Gentofte"]
[Date "1999.08.07"]
[Round "1"]
[White "Hansen, Sune Berg"]
[Black "Agdestein, Simen"]
[Result "1-0"]
[WhiteElo "2558"]
[BlackElo "2580"]

1.e4 c5 2.Nf3 Nc6 3.Nc3 Nf6 4.Bb5 Nd4 5.e5 Nxb5 6.Nxb5 Nd5 7.Ng5 f5 8.O-O a6
9.Nc3 Nxc3 10.dxc3 e6 11.Qf3 g6 12.Qg3 b6 13.h4 Bb7 14.Rd1 Qc7 15.Bf4 Qc6
16.Nf3 O-O-O 17.Bg5 Re8 18.Bf6 Rg8 19.Rd2 h6 20.Rad1 g5 21.Rxd7 g4 22.Ne1 Qxd7
23.Rxd7 Kxd7 24.Nd3 c4 25.Nf4 Bc5 26.b4 cxb3 27.cxb3 b5 28.Qd3+ Kc8 29.Kf1 Bb6
30.Qd6 Bc7 31.Qc5 Rgf8 32.c4 Rf7 33.cxb5 axb5 34.Qxb5 Rd7 35.a4 Be4 36.a5 Rf8
37.Qc5 Re8 38.Ke2 Bb7 39.Qb5 Bb8 40.a6 Be4 41.f3 gxf3+ 42.gxf3 Ba8 43.h5 Ba7
44.Bh4 Bg1 45.Bf2 Bxf2 46.Kxf2 Ree7 47.Qb6 Rc7 48.Nxe6 Rc2+ 49.Kg3 Re8 50.a7 Rc3
51.Qa6+ Kd7 52.Nc5+  1-0

[Event "MK Cafe Cup-B"]
[Site "Koszalin"]
[Date "1999.08.07"]
[Round "5"]
[White "Tirard, Hugo"]
[Black "Kupreichik, Viktor D"]
[Result "0-1"]
[WhiteElo "2331"]
[BlackElo "2429"]

1.e4 c5 2.Nc3 Nc6 3.Nge2 g6 4.d4 cxd4 5.Nxd4 Bg7 6.Be3 Nf6 7.Bc4 O-O 8.Bb3 a5
9.f3 d5 10.exd5 Nb4 11.Nde2 a4 12.Nxa4 Nfxd5 13.Bd2 Bf5 14.O-O b5 15.Nac3 Qb6+
16.Kh1 Ne3 17.Bxe3 Qxe3 18.a3 Nc6 19.Qd5 Na5 20.Ng3 Be6 21.Qxb5 Rfb8 22.Rfe1 Rxb5
23.Rxe3 Nxb3 24.Rae1 Bxc3 25.Rxc3 Nd4 26.b4 Rb7 27.Ne2 Nb5 28.Re3 Nxa3  0-1

[Event "MK Cafe Cup-A"]
[Site "Koszalin"]
[Date "1999.08.07"]
[Round "5"]
[White "Sutovskij, Emil"]
[Black "Blehm, Pawel"]
[Result "1-0"]
[WhiteElo "2587"]
[BlackElo "2479"]

1.e4 c5 2.Nc3 Nc6 3.Nf3 d6 4.d4 cxd4 5.Nxd4 Nf6 6.Bg5 e6 7.Qd2 a6 8.O-O-O Be7
9.f4 Nxd4 10.Qxd4 b5 11.Bxf6 gxf6 12.Be2 Qc7 13.Bf3 Bb7 14.f5 h5 15.Kb1 Rc8
16.Qd2 Qc4 17.Rhe1 Rc7 18.Re3 Kd7 19.Rd3 Qc5 20.Qe2 h4 21.Bh5 b4 22.Na4 Qb5
23.Bxf7 Qxa4 24.Bxe6+ Ke8 25.e5 dxe5 26.R1d2 Bc8 27.Qd1 Bxe6 28.Rd8+ Bxd8
29.Rxd8+ Kf7 30.fxe6+ Kxe6 31.Rxh8 Rg7 32.Qf3 Qd7 33.Rf8 Rg6 34.Qh3+ Kd6
35.Qxh4 Rxg2  1-0

[Event "BCF-ch 86th"]
[Site "Scarborough"]
[Date "1999.08.07"]
[Round "7"]
[White "Hebden, Mark"]
[Black "Reefat bin Satter"]
[Result "1/2-1/2"]
[WhiteElo "2510"]
[BlackElo "2377"]

1.e4 c5 2.Nc3 Nc6 3.Nf3 e6 4.Bb5 Nge7 5.O-O Nd4 6.Nxd4 cxd4 7.Ne2 a6 8.Bd3 d5
9.exd5 Qxd5 10.c3 Nc6 11.Qc2 Bd6 12.Be4 Qh5 13.Ng3 Qh4 14.Bxc6+ bxc6 15.cxd4 Bb7
16.d3 O-O 17.Be3 Rad8 18.f4 f5 19.Qe2 Bc7 20.Rf2 Bb6 21.Nf1 Qe7 22.Nd2 Bxd4
23.Bxd4 Rxd4 24.Nb3 Rb4 25.Qe3 c5 26.Nxc5 Bd5 27.a3 Rb5 28.Rc1 a5 29.Rfc2 Qa7
30.d4 Re8 31.b3 Rb6 32.Rc3 Rb5 33.h3 Re7 34.R1c2 Rb8 35.Kh2 h6 36.Qe5 Qc7
37.Re2 Qxe5 38.Rxe5 Kf7 39.g4 g6 40.Rce3 Rb6 41.Kg3 Re8 42.Kf2 Reb8 43.gxf5 gxf5
44.Nd7 Rxb3 45.Nxb8 Rxb8 46.Rc3 Kf6 47.Re2 Rb1 48.Ree3 Rb2+ 49.Ke1 Rb1+ 50.Kf2 Rb2+
51.Re2 Rb1 52.Rc5 Rd1 53.Ke3 Be4 54.Rd2 Rh1 55.Rxa5 Rxh3+ 56.Ke2 Rh2+ 57.Ke3  1/2-1/2

[Event "MK Cafe Cup-A"]
[Site "Koszalin"]
[Date "1999.08.08"]
[Round "6"]
[White "Hracek, Zbynek"]
[Black "Degraeve, Jean Marc"]
[Result "1-0"]
[WhiteElo "2629"]
[BlackElo "2542"]

1.e4 c5 2.Nf3 Nc6 3.Nc3 e5 4.Bc4 d6 5.d3 Be7 6.Nd2 Nf6 7.Nf1 Bg4 8.f3 Be6
9.Ne3 a6 10.a4 Nb4 11.Qe2 Qc7 12.O-O O-O 13.f4 exf4 14.Rxf4 Bxc4 15.dxc4 Nc6
16.Nf5 Nd4 17.Qf2 Nxf5 18.Rxf5 Nd7 19.Nd5 Qd8 20.b3 Bf6 21.Nxf6+ Nxf6 22.Qf3 Nd7
23.Bb2 Qe7 24.Rd1 Ne5 25.Bxe5 dxe5 26.Rd5 f6 27.Qd3 Rfd8 28.Rf1 Rxd5 29.Qxd5+ Kf8
30.Rd1 Rc8 31.a5 Rc7 32.g4 g6 33.Rd3 Kg7 34.Kg2 Rc6 35.Qd7 Rc7 36.Qxe7+ Rxe7
37.h4 Kf7 38.Rd6 Rc7 39.Kf3 Ke7 40.Rb6 Kf7 41.g5 fxg5 42.hxg5 Ke7 43.c3 Kf7
44.Ke3 Ke7 45.b4  1-0

[Event "VISA Nordic GP fin"]
[Site "Gentofte"]
[Date "1999.08.09"]
[Round "3"]
[White "Hector, Jonny"]
[Black "Borge, Nikolaj"]
[Result "1-0"]
[WhiteElo "2505"]
[BlackElo "2426"]

1.e4 c5 2.Nc3 Nc6 3.Nf3 Nf6 4.Bb5 Nd4 5.e5 Nxb5 6.Nxb5 Nd5 7.Ng5 h6 8.Ne4 Qb6
9.c4 Nf4 10.Qf3 Ng6 11.Qg3 a6 12.Nbc3 e6 13.h4 h5 14.d3 Qc6 15.a4 b6 16.Bg5 Bb7
17.O-O Qc7 18.f4 d5 19.f5 Nxe5 20.fxe6 dxe4 21.exf7+ Kd7 22.dxe4 Bd6 23.Rad1 Kc8  1-0

[Event "MK Cafe Cup-A"]
[Site "Koszalin"]
[Date "1999.08.10"]
[Round "7"]
[White "Sutovskij, Emil"]
[Black "Nataf, Igor Alexandre"]
[Result "1/2-1/2"]
[WhiteElo "2587"]
[BlackElo "2504"]

1.e4 c5 2.Nc3 Nc6 3.Nf3 g6 4.d4 cxd4 5.Nxd4 Bg7 6.Be3 Nf6 7.Bc4 O-O 8.Bb3 d6
9.f3 Nxd4 10.Bxd4 Be6 11.Bxe6 fxe6 12.Qe2 Nd7 13.O-O-O Rc8 14.h4 Qa5 15.Bxg7 Kxg7
16.h5 g5  1/2-1/2

[Event "Budapest FS08 IM"]
[Site "Budapest"]
[Date "1999.08.11"]
[Round "5"]
[White "Dembo, Yelena"]
[Black "Ruiz Gonzalez, Guillermo"]
[Result "1-0"]
[WhiteElo "2244"]
[BlackElo "2309"]

1.e4 c5 2.Nf3 Nc6 3.Nc3 Nf6 4.d4 cxd4 5.Nxd4 d6 6.Bc4 Qb6 7.Nb3 e6 8.Bf4 Ne5
9.Be2 Be7 10.Be3 Qc7 11.f4 Nc6 12.Qd2 O-O 13.O-O-O Rd8 14.Bf3 a6 15.g4 b5
16.g5 Nd7 17.Qf2 Bb7 18.Rhg1 Rac8 19.Kb1 Na5 20.Nxa5 Qxa5 21.Bd4 b4 22.Ne2 Rc7
23.Ng3 Rdc8 24.Rc1 e5 25.Nf5 Bf8 26.fxe5 dxe5 27.Be3 Nc5 28.Qh4 Na4 29.Nh6+ Kh8
30.Nxf7+ Rxf7 31.g6 h6 32.Bxh6 gxh6 33.gxf7 Nc3+ 34.bxc3 bxc3 35.Qf6+  1-0

[Event "Baunatal op 5th"]
[Site "Baunatal"]
[Date "1999.08.12"]
[Round "1"]
[White "Petrosian, Suren"]
[Black "Dorsch, Dieter"]
[Result "1-0"]
[WhiteElo "2359"]
[BlackElo "1780"]

1.e4 c5 2.Nf3 Nc6 3.Nc3 g6 4.d4 cxd4 5.Nxd4 Bg7 6.Be3 e5 7.Ndb5 d6 8.Nxd6+ Kf8
9.Bc4 Be6 10.Bxe6 fxe6 11.Bc5 Nce7 12.Qg4 Qd7 13.O-O-O Nf6 14.Qh3  1-0

[Event "MK Cafe Cup-B"]
[Site "Koszalin"]
[Date "1999.08.12"]
[Round "9"]
[White "Erenska Radzewska, Hanna"]
[Black "Maka, Magdalena"]
[Result "1-0"]
[WhiteElo "2229"]
[BlackElo "2073"]

1.e4 c5 2.Nc3 Nc6 3.Bb5 g6 4.Bxc6 dxc6 5.d3 Bg7 6.Nge2 e5 7.Be3 b6 8.Qd2 Ne7
9.Bh6 Bf6 10.O-O-O b5 11.Rdf1 Qa5 12.Kb1 b4 13.Nd1 Be6 14.b3 Qb5 15.Nb2 Nc8
16.h4 a5 17.h5 Nd6 18.Bg5 O-O-O 19.Ng3 Bxg5 20.Qxg5 Rhe8 21.hxg6 hxg6 22.Nc4 Bxc4
23.dxc4 Qb6 24.f4 exf4 25.Rxf4 Rd7 26.Rhf1 Ree7 27.e5 Nb7 28.e6 Rxe6 29.Rxf7 Rxf7
30.Rxf7 Re1+ 31.Kb2 Nd8 32.Qg4+ Kb8 33.Rd7 Nb7 34.Qxg6 a4 35.bxa4 Qa6 36.Qg8+ Ka7
37.Qc8 Rg1 38.Ne4 Rxg2 39.Nd6 Rxc2+ 40.Kb1  1-0

[Event "Faro op"]
[Site "Algarve"]
[Date "1999.08.13"]
[Round "4"]
[White "Georgiev, Vladimir"]
[Black "Frois, Antonio"]
[Result "1/2-1/2"]
[WhiteElo "2519"]
[BlackElo "2397"]

1.e4 c5 2.Nf3 Nc6 3.Nc3 g6 4.d4 cxd4 5.Nxd4 Bg7 6.Nde2 Nf6 7.g3 d5 8.exd5 Nb4
9.Bg2 Bf5 10.Nd4 Bg4 11.Qd2 O-O 12.O-O Qd7 13.d6 exd6 14.a3 Nc6 15.Nxc6 bxc6
16.b3 Bh3 17.Bb2 Bxg2 18.Kxg2 Rfe8 19.Rfe1 d5 20.Na4 Ne4 21.Rxe4 Rxe4 22.Bxg7 Kxg7
23.Nc5 Qe7 24.Nxe4 Qxe4+ 25.f3 Qe7 26.Re1 Qd6 27.Qd4+ f6 28.a4 c5 29.Qe3 Kf7
30.h4 h5 31.Qd3 Rd8 32.f4 Qd7 33.Qa6 Rc8 34.Rd1 d4 35.Qc4+ Qe6 36.Qxe6+ Kxe6
37.Re1+ Kd6 38.Kf3 c4 39.Rd1 Kd5 40.b4  1/2-1/2

[Event "MK Cafe Cup-B"]
[Site "Koszalin"]
[Date "1999.08.13"]
[Round "10"]
[White "Swicarz, Maciej"]
[Black "Mitnitski, Alexey"]
[Result "1/2-1/2"]
[WhiteElo "2134"]
[BlackElo "2215"]

1.e4 c5 2.Nf3 Nc6 3.Nc3 e6 4.g3 a6 5.Bg2 d6 6.O-O Nf6 7.d3 Be7 8.h3 Qc7 9.Bg5 Bd7
10.Qd2 h6 11.Be3 O-O 12.Kh2 d5 13.exd5 Nxd5 14.Nxd5 exd5 15.d4 Bf6 16.c3 c4
17.Bf4 Qa5 18.Ne5 Bxe5 19.Bxe5  1/2-1/2

[Event "Baunatal op 5th"]
[Site "Baunatal"]
[Date "1999.08.15"]
[Round "7"]
[White "Pasalic, Mehmed"]
[Black "Meins, Gerlef"]
[Result "1/2-1/2"]
[WhiteElo "2350"]
[BlackElo "2421"]

1.e4 c5 2.Nf3 Nc6 3.Nc3 Nf6 4.d4 cxd4 5.Nxd4 d6 6.Bg5 e6 7.Qd2 Be7 8.O-O-O O-O
9.Be2 Nxd4 10.Qxd4 Nxe4 11.Nxe4 Bxg5+ 12.Nxg5 Qxg5+ 13.f4 Qa5 14.Kb1 Rd8
15.Bd3 e5 16.Qe4 f5 17.Bc4+ Kh8 18.Qe2 e4 19.Bd5 Bd7 20.Bxb7 Be6 21.c4 Rab8
22.Bd5 Bd7 23.Qd2 Qc7 24.Rhe1 Ba4 25.Rc1 Bc6 26.Re2 Bxd5 27.Qxd5 Qc5 28.Rd1 Rdc8
29.Rc2 Rb6 30.Qxc5 Rxc5 31.b3 Kg8 32.Kb2 Kf7 33.Kc3 Rbc6 34.Rcd2 Ke6 35.Rd4 a5
36.a3 Rb6 37.Rd5 Rbc6 38.R5d4 Rb6 39.b4 axb4+ 40.axb4 Rc7 41.Kb3 Ra7 42.b5 h6
43.Kb4 Ra2 44.R4d2 Ra8 45.c5 dxc5+ 46.Kxc5 Rab8 47.Rb2 g6 48.g3 h5 49.Ra1 Rd6
50.Raa2 Rc8+ 51.Kb4 Rd4+ 52.Ka5 Ra8+ 53.Kb6 Rxa2 54.Rxa2 e3 55.Kc5 Re4 56.Re2 Kd7
57.b6 Kc8 58.Kc6 Kb8 59.b7  1/2-1/2

[Event "Zurich Hilton op"]
[Site "Zurich"]
[Date "1999.08.15"]
[Round "3"]
[White "Isler, Peter"]
[Black "Hobuss, Udo"]
[Result "0-1"]
[WhiteElo "2170"]
[BlackElo "2391"]

1.e4 c5 2.Nf3 Nc6 3.Nc3 d6 4.d4 cxd4 5.Nxd4 Nf6 6.Be2 e5 7.Nf3 h6 8.h3 Be7
9.Be3 a6 10.Nd5 Nxd5 11.Qxd5 Be6 12.Qd2 O-O 13.g4 d5 14.exd5 Qxd5 15.Qxd5 Bxd5
16.O-O-O Be6 17.Rhg1 Rac8 18.a3 Kh8 19.Bd3 Bd5 20.Nd2 Bg5 21.Kb1 Bxe3 22.fxe3 Ne7
23.Ne4 Rcd8 24.Nc3 Bf3 25.Rdf1 Bc6 26.Rf2 g6 27.Rgf1 Kg7 28.e4 g5 29.Bc4 f6
30.Bd3 Ng6 31.Ne2 Nf4 32.Ng3 Kg6 33.Rf3 Rd7 34.Nf5 Rh8 35.h4 h5 36.gxh5+ Rxh5
37.hxg5 fxg5 38.Rg1 Kf6 39.Rfg3 Nxd3 40.cxd3 Rxd3 41.Rf1 Bb5 42.Rf2 Kg6 43.Rg1 Rd7
44.Ng3 Rh4 45.Rf8 Rg4 46.Ka2 Bc4+ 47.Ka1 Rxg3  0-1

[Event "VISA Nordic GP fin"]
[Site "Gentofte"]
[Date "1999.08.16"]
[Round "9"]
[White "Hector, Jonny"]
[Black "Schandorff, Lars"]
[Result "1-0"]
[WhiteElo "2505"]
[BlackElo "2514"]

1.e4 c5 2.Nf3 Nc6 3.Nc3 e5 4.Bc4 d6 5.d3 Be7 6.Nd2 Nf6 7.Nf1 Bg4 8.f3 Be6
9.Ne3 O-O 10.O-O Ne8 11.g3 Nc7 12.a3 a6 13.Ncd5 b5 14.Ba2 Rb8 15.c3 Re8 16.f4 exf4
17.gxf4 Bf8 18.Nxc7 Qxc7 19.b4 a5 20.f5 Bxa2 21.Rxa2 axb4 22.axb4 Kh8 23.Nd5 Qd8
24.Rg2 Ra8 25.Qh5 Ne5 26.d4 cxd4 27.cxd4 Nd7 28.Qxf7 Rxe4 29.Bh6  1-0

[Event "FRA-ch qual"]
[Site "Bescanon"]
[Date "1999.08.18"]
[Round "1"]
[White "Milesi, Laurent"]
[Black "Bruneliere, P."]
[Result "1/2-1/2"]
[WhiteElo "2135"]
[BlackElo "2265"]

1.e4 c5 2.Nf3 Nc6 3.Nc3 g6 4.d4 cxd4 5.Nxd4 Bg7 6.Be3 Nf6 7.Bc4 O-O 8.O-O Nxe4
9.Nxe4 d5 10.Nxc6 bxc6 11.Bd3 dxe4 12.Bxe4 Qa5 13.c3 Rb8 14.Qc2 c5 15.Rfd1 c4
16.b4 cxb3 17.axb3 Qxc3 18.Qxc3 Bxc3  1/2-1/2

[Event "Abu Dhabi Masters op"]
[Site "Abu Dhabi"]
[Date "1999.08.21"]
[Round "1"]
[White "Iuldachev, Saidali"]
[Black "Ali, Mahmoud"]
[Result "1-0"]
[WhiteElo "2491"]
[BlackElo "2207"]

1.e4 c5 2.Nc3 Nc6 3.Nf3 g6 4.d4 cxd4 5.Nxd4 Bg7 6.Nb3 Nf6 7.Bc4 a6 8.a4 O-O
9.O-O d6 10.Re1 Bd7 11.Bf1 Na5 12.Nxa5 Qxa5 13.Nd5 Nxd5 14.exd5 e5 15.dxe6 Bxe6
16.c3 b5 17.Qxd6 bxa4 18.Qd1 Rfd8 19.Qxa4 Qb6 20.h3 Rd6 21.Bf4 Rdd8 22.Bc1 Rd6
23.Bc4 Bxc4 24.Qxc4 Rad8 25.Bg5 Bf6 26.Bxf6 Rxf6 27.Re2 Qb5 28.Qxb5 axb5
29.Ra5 Rb8 30.Re4 Rb7 31.g4 h6 32.Kg2 Kg7 33.Kg3 g5 34.Rb4 Rfb6 35.h4 Kf6
36.Rd4 gxh4+ 37.Kxh4 b4 38.c4 b3 39.Rf5+ Kg7 40.c5 Rb4 41.Rdf4 Rxf4 42.Rxf4 Rd7
43.Rf3 Rc7 44.Rc3 Rc6 45.Kh5 Rf6 46.f3 Re6 47.g5 hxg5 48.c6  1-0

[Event "BIH-chT"]
[Site "Bihac"]
[Date "1999.08.21"]
[Round "1"]
[White "Tutic, Resad"]
[Black "Osmanovic, Kemal"]
[Result "1/2-1/2"]
[WhiteElo "2270"]
[BlackElo "2350"]

1.e4 c5 2.Nc3 Nc6 3.Nf3 e6 4.g3 a6 5.Bg2 g6 6.O-O Bg7 7.d3 Nge7 8.Be3 Nd4
9.Ne1 O-O 10.f4 d6  1/2-1/2

[Event "Polanica Zdroj op"]
[Site "Polanica Zdroj"]
[Date "1999.08.21"]
[Round "5"]
[White "Jaracz, Pawel"]
[Black "Ibrahimov, Rasul"]
[Result "1-0"]
[WhiteElo "2477"]
[BlackElo "2396"]

1.e4 c5 2.Nc3 Nc6 3.Nf3 d6 4.d4 cxd4 5.Nxd4 e6 6.g4 h6 7.Bg2 Nxd4 8.Qxd4 e5
9.Qd1 Nf6 10.h3 Be6 11.f4 Be7 12.f5 Bc4 13.Be3 d5 14.Nxd5 Nxd5 15.exd5 Bh4+
16.Bf2 Qg5 17.Qc1 Bxf2+ 18.Kxf2 Qh4+ 19.Kg1 O-O 20.b3 Ba6 21.c4 e4 22.Qe3 b5
23.c5 b4 24.Kh2 Bd3 25.Rhe1 a5 26.d6 a4 27.Qd4 h5 28.gxh5 Qf4+ 29.Kg1 Qxf5
30.d7 Bb5 31.h6 gxh6 32.Rxe4  1-0

[Event "BIH-chT"]
[Site "Bihac"]
[Date "1999.08.22"]
[Round "2"]
[White "Tajic, Z."]
[Black "Softic, Edin"]
[Result "1-0"]
[WhiteElo "2175"]
[BlackElo "2004"]

1.e4 c5 2.Nf3 Nc6 3.Nc3 g6 4.d4 cxd4 5.Nxd4 Bg7 6.Be3 d6 7.Qd2 Nf6 8.f3 O-O
9.O-O-O Nxd4 10.Bxd4 Be6 11.Nd5 Bxd5 12.exd5 Qc7 13.Kb1 Rfc8 14.h4 Bh6 15.Qf2 Nxd5
16.c4 e5 17.Bxe5 Ne3 18.Rxd6 Qe7 19.f4 Nxc4 20.Bxc4 Rxc4 21.b3 Bxf4 22.bxc4 Bxe5
23.Rd3 Bg7 24.a3 Qe5 25.Ka2 Re8 26.Rhd1 h5 27.Qc2 Qf6 28.g3 Kh8 29.Rd6 Qe5
30.Rd8 Rxd8 31.Rxd8+ Kh7 32.Rd7 Qa1+ 33.Kb3 Qg1 34.Qd3 Qf2 35.Rd5 Qb2+ 36.Ka4 f5
37.Rd6 a6 38.Rd5 b6 39.Qb3 Qe2 40.Qd3 Qe1 41.Kb3 Qf2 42.Rd7 Qb2+ 43.Ka4 Qe5
44.Rd5 Qc7 45.Kb3 Qc6 46.Rd7 Qf6 47.Qd2 Qe5 48.Qd3 b5 49.cxb5 axb5 50.Kb4 Kh6
51.Qd2+ Kh7 52.Qd3 Kh6 53.Rd5 Qb2+ 54.Ka5 Bc3+ 55.Kb6 b4 56.a4 Qf2+ 57.Kb5 Qa7
58.Rd7 Qb8+ 59.Kc4 Qe5 60.Kb3 Qe6+ 61.Qd5 Qe2  1-0